| 000 | 00719nam a2200133Ia 4500 | ||
|---|---|---|---|
| 008 | 100328s9999 xx 000 0 und d | ||
| 082 | _b63758 | ||
| 100 | _aदीनानाथ | ||
| 245 | _aएकतारी 100 चिंतने एका स्वामीभक्ताची आत्मनिरिक्षण साधना. | ||
| 260 | _bसेवामंडळ. | ||
| 630 | _aएकतारी 100 चिंतने एका स्वामीभक्ताची आत्मनिरिक्षण साधना. | ||
| 730 | _aएकतारी 100 चिंतने एका स्वामीभक्ताची आत्मनिरिक्षण साधना. | ||
| 942 | _cBOOK | ||
| 999 |
_c549606 _d549603 |
||